Osobnosť manažéra v komunikácii bakalárska práca

Na minha lista:
Detalhes bibliográficos
Autor principal: Pavlíková, Magdaléna
Autor Corporativo: Fakulta podnikového manažmentu EU. Katedra manažmentu
Outros Autores: Horváthová, Kristína, 1995-
Formato: Livro
Idioma:eslovaco
Publicado em: Bratislava 2025
Tags: Adicionar Tag
Sem tags, seja o primeiro a adicionar uma tag!

MARC

LEADER 00000nbm a2200000 4500
001 0309867
005 20260323131120.2
041 0 |a slo 
044 |a SK 
245 1 0 |a Osobnosť manažéra v komunikácii  |b bakalárska práca  |c Magdaléna Pavlíková ; školiteľ: Kristína Horváthová 
264 1 |a Bratislava  |c 2025 
300 |a 55 s. 
100 1 |a Pavlíková, Magdaléna 
700 1 |a Horváthová, Kristína, 1995- 
710 2 |a Fakulta podnikového manažmentu EU. Katedra manažmentu